Jesus of Nazareth / (Record no. 9881)
[ view plain ]
| 000 -LEADER | |
|---|---|
| fixed length control field | 00826nam a2200265Ia 4500 |
| 001 - CONTROL NUMBER | |
| control field | 17604112 |
| 003 - CONTROL NUMBER IDENTIFIER | |
| control field | OSt |
| 005 - DATE AND TIME OF LATEST TRANSACTION | |
| control field | 20210205113420.0 |
| 008 - FIXED-LENGTH DATA ELEMENTS--GENERAL INFORMATION | |
| fixed length control field | 880309s1977 nyu 00010 eng d |
| 020 ## - INTERNATIONAL STANDARD BOOK NUMBER | |
| International Standard Book Number | 0345342542 |
| 040 ## - CATALOGING SOURCE | |
| Original cataloging agency | SXP |
| Transcribing agency | SXP |
| Modifying agency | BGU |
| 050 ## - LIBRARY OF CONGRESS CALL NUMBER | |
| Item number | B244J |
| 082 ## - DEWEY DECIMAL CLASSIFICATION NUMBER | |
| Item number | B244J |
| 090 ## - LOCALLY ASSIGNED LC-TYPE CALL NUMBER (OCLC); LOCAL CALL NUMBER (RLIN) | |
| Classification number (OCLC) (R) ; Classification number, CALL (RLIN) (NR) | BT301.2 |
| Local cutter number (OCLC) ; Book number/undivided call number, CALL (RLIN) | .B25 1977 |
| 100 10 - MAIN ENTRY--PERSONAL NAME | |
| Personal name | Barclay, William, |
| Dates associated with a name | 1907-1978 |
| 245 00 - TITLE STATEMENT | |
| Title | Jesus of Nazareth / |
| Statement of responsibility, etc. | William Barclay ; based on the television scripts by Anthony Burgess |
| 250 ## - EDITION STATEMENT | |
| Edition statement | 1st Ballantine books ed |
| 260 0# - PUBLICATION, DISTRIBUTION, ETC. | |
| Place of publication, distribution, etc. | New York : |
| Name of publisher, distributor, etc. | Ballantine Books, |
| Date of publication, distribution, etc. | 1977 |
| 300 ## - PHYSICAL DESCRIPTION | |
| Extent | 133 p., [16] p. of plates : |
| Other physical details | col. ill. ; |
| Dimensions | 18 cm |
| 600 00 - SUBJECT ADDED ENTRY--PERSONAL NAME | |
| Personal name | Jesus Christ |
| General subdivision | Biography |
| 650 #0 - SUBJECT ADDED ENTRY--TOPICAL TERM | |
| Topical term or geographic name entry element | Christian biography |
| Geographic subdivision | Palestine |
| 700 10 - ADDED ENTRY--PERSONAL NAME | |
| Personal name | Burgess, Anthony, |
| Dates associated with a name | 1917-1993 |
| 730 01 - ADDED ENTRY--UNIFORM TITLE | |
| Uniform title | Jesus of Nazareth (Television program) |
| 942 ## - ADDED ENTRY ELEMENTS (KOHA) | |
| Source of classification or shelving scheme | Dewey Decimal Classification |
| Koha item type | Books |
| Withdrawn status | Lost status | Source of classification or shelving scheme | Damaged status | Not for loan | Collection code | Home library | Current library | Shelving location | Date acquired | Total Checkouts | Full call number | Barcode | Date last seen | Price effective from | Koha item type |
|---|---|---|---|---|---|---|---|---|---|---|---|---|---|---|---|
| Dewey Decimal Classification | Non-fiction | Harvest Mission College | Harvest Mission College | General Stacks | 09.02.2021 | 232.901 B244J | 011358 | 09.02.2021 | 09.02.2021 | Books |
